000 00336nam a2200145Ia 4500
100 _aShephard/ Hulley Liang
250 _a2
942 _cRB
654 _apower
245 _aPower electronics & Motor control
260 _bCambride University press
_aCambridge
_c1995
082 _a621.317
_bSHE
300 _a539
546 _aENGLISH
999 _c34878
_d34878